Kissing cousins : (Record no. 9369)
[ view plain ]
| 000 -LEADER | |
|---|---|
| fixed length control field | 00802nam a2200253Ma 4500 |
| 001 - CONTROL NUMBER | |
| control field | 61219456 |
| 003 - CONTROL NUMBER IDENTIFIER | |
| control field | OCoLC |
| 005 - DATE AND TIME OF LATEST TRANSACTION | |
| control field | 20210112173020.0 |
| 008 - FIXED-LENGTH DATA ELEMENTS--GENERAL INFORMATION | |
| fixed length control field | 050805s2005 enk 001 0 eng d |
| 020 ## - INTERNATIONAL STANDARD BOOK NUMBER | |
| International Standard Book Number | 1854246755 (UK) |
| 020 ## - INTERNATIONAL STANDARD BOOK NUMBER | |
| International Standard Book Number | 0825460905 (US) |
| 040 ## - CATALOGING SOURCE | |
| Original cataloging agency | EQO |
| Transcribing agency | EQO |
| Modifying agency | UKM |
| -- | BAKER |
| 092 ## - LOCALLY ASSIGNED DEWEY CALL NUMBER (OCLC) | |
| Classification number | 261.27 |
| Item number | M987K |
| 100 1# - MAIN ENTRY--PERSONAL NAME | |
| Personal name | Musk, Bill A |
| 245 10 - TITLE STATEMENT | |
| Title | Kissing cousins : |
| Remainder of title | Christians and Muslims face to face ; in a world marred by religious conflict, can Christians and Muslims discover more positive views of one another? / |
| Statement of responsibility, etc. | Bill Musk |
| 260 ## - PUBLICATION, DISTRIBUTION, ETC. | |
| Place of publication, distribution, etc. | Oxford : |
| Name of publisher, distributor, etc. | Monarch, |
| Date of publication, distribution, etc. | 2005 |
| 300 ## - PHYSICAL DESCRIPTION | |
| Extent | 480 p. ; |
| Dimensions | 22 cm |
| 504 ## - BIBLIOGRAPHY, ETC. NOTE | |
| Bibliography, etc. note | Includes bibliographical references and index |
| 650 #0 - SUBJECT ADDED ENTRY--TOPICAL TERM | |
| Topical term or geographic name entry element | Christians |
| 650 #0 - SUBJECT ADDED ENTRY--TOPICAL TERM | |
| Topical term or geographic name entry element | Muslims |
| 650 #0 - SUBJECT ADDED ENTRY--TOPICAL TERM | |
| Topical term or geographic name entry element | Social conflict |
| 650 #0 - SUBJECT ADDED ENTRY--TOPICAL TERM | |
| Topical term or geographic name entry element | Positivism |
| 942 ## - ADDED ENTRY ELEMENTS (KOHA) | |
| Source of classification or shelving scheme | Dewey Decimal Classification |
| Koha item type | Books |
| Withdrawn status | Lost status | Source of classification or shelving scheme | Damaged status | Not for loan | Collection code | Home library | Current library | Shelving location | Date acquired | Total Checkouts | Full call number | Barcode | Date last seen | Price effective from | Koha item type |
|---|---|---|---|---|---|---|---|---|---|---|---|---|---|---|---|
| Dewey Decimal Classification | Non-fiction | Harvest Mission College | Harvest Mission College | General Stacks | 19.01.2021 | 261.27 M987K | 010678 | 19.01.2021 | 19.01.2021 | Books |
